000 00439nam a22001697a 4500
005 20180206152023.0
008 160428b xxu||||| |||| 00| 0 eng d
020 _a81-2650448-X
041 _aeng
082 _b00571
_a005.432
100 _aBarkaKati's Naba
_9162
245 _aProfessional Red Hat Linux 9 Secrets
260 _aNew Delhi
_bWiley Pbul. Inc,
_c2003
300 _a1038
650 _aInformation Technology
_9137
942 _cBK
999 _c162
_d162